书目信息 |
| 题名: |
倦怠自救指南
|
|
| 作者: | 罗斯 , 克拉斯特夫 , 皮拉特 著 ;邓文静 , 李文敏 译 | |
| 分册: | ||
| 出版信息: | 北京 机械工业出版社 2025.03 |
|
| 页数: | 329页 | |
| 开本: | 21cm | |
| 丛书名: | ||
| 单 册: | ||
| 中图分类: | B849 | |
| 科图分类: | ||
| 主题词: | 工作状态--应用心理学 | |
| 电子资源: | ||
| ISBN: | 978-7-111-77783-0 | |
| 000 | 01428nam0 2200301 450 | |
| 001 | 013578042 | |
| 005 | 20251022160106.63 | |
| 010 | @a978-7-111-77783-0@dCNY69.00 | |
| 100 | @a20250424d2025 em y0chiy0120 ea | |
| 101 | 1 | @achi@ceng |
| 102 | @aCN@b110000 | |
| 105 | @aa z 000yy | |
| 106 | @ar | |
| 200 | 1 | @a倦怠自救指南@9juan dai zi jiu zhi nan@e如何重掌工作与生活的自主权@dIntention@ethe surprising psychology of high performers@f(美)迈克·詹姆斯·罗斯(Mike James Ross),(加)塞库尔·西奥多·克拉斯特夫(Sekoul Theodor Krastev),(加)丹·皮拉特(Dan Pilat)著@g邓文静,李文敏译@zeng |
| 210 | @a北京@c机械工业出版社@d2025.03 | |
| 215 | @a329页@c图@d21cm | |
| 305 | @aJohn Wiley & Sons公司授权出版 | |
| 330 | @a本书作者结合鼓舞人心的故事和行为科学前沿的证据,将挑战一些关于生产力和工作的过时观念,同时提出新的、基于科学的意图训练法,从意志力、好奇心、诚实、注意力、习惯五大要素入手,帮读者走出倦怠,高效行事,找到真正的自主性和方向感。 | |
| 510 | 1 | @aIntention@ethe surprising psychology of high performers@zeng |
| 606 | 0 | @a工作状态@x应用心理学 |
| 690 | @aB849@v5 | |
| 701 | 0 | @c(美)@a罗斯@9luo si@c(Ross, Mike James)@4著 |
| 701 | 0 | @c(加)@a克拉斯特夫@9ke la si te fu@c(Krastev, Sekoul Theodor)@4著 |
| 701 | 0 | @c(加)@a皮拉特@9pi la te@c(Pilat, Dan)@4著 |
| 702 | 0 | @a邓文静@9deng wen jing@4译 |
| 702 | 0 | @a李文敏@9li wen min@4译 |
| 801 | 0 | @aCN@c20250908 |
| 905 | @a河南城建学院图书馆@dB849@eL953@ZL953@f1 | |
| 倦怠自救指南:如何重掌工作与生活的自主权=Intention:the surprising psychology of high performers/(美)迈克·詹姆斯·罗斯(Mike James Ross),(加)塞库尔·西奥多·克拉斯特夫(Sekoul Theodor Krastev),(加)丹·皮拉特(Dan Pilat)著/邓文静,李文敏译.-北京:机械工业出版社,2025.03 |
| 329页:图;21cm |
| ISBN 978-7-111-77783-0:CNY69.00 |
| 本书作者结合鼓舞人心的故事和行为科学前沿的证据,将挑战一些关于生产力和工作的过时观念,同时提出新的、基于科学的意图训练法,从意志力、好奇心、诚实、注意力、习惯五大要素入手,帮读者走出倦怠,高效行事,找到真正的自主性和方向感。 |
| ● |
| 相关链接 |
|
|
|
正题名:倦怠自救指南
索取号:B849/L953
 
预约/预借
| 序号 | 登录号 | 条形码 | 馆藏地/架位号 | 状态 | 备注 |
| 1 | 1631792 | 216317929 | 社科库509/509社科库 52排9列3层/ [索取号:B849/L953] |
已借出,限还日期为2026.05.05 借出人:邵宁宁 |